| 000 | 00645nam a2200217Ia 4500 | ||
|---|---|---|---|
| 005 | 20260429112018.0 | ||
| 008 | 260429s9999||||xx |||||||||||||| ||und|| | ||
| 020 | _a9781032711218 | ||
| 041 | _aEnglish | ||
| 082 |
_a371.102 _bELL |
||
| 100 | _aElliott, John | ||
| 245 | 0 |
_aLinking theory with practice in the classroom : _ba hybrid model of lesson study research in action / _cJohn Elliott |
|
| 250 | _a1st ed. | ||
| 260 |
_aNew Delhi : _bRoutledge, _c2024. |
||
| 300 | _axi, 170 p.; pbk | ||
| 650 | _a Classroom research | ||
| 650 | _a Lesson study | ||
| 650 | _aTeaching methods | ||
| 700 | _a Christoforatou, Vicky | ||
| 942 | _cTB | ||
| 999 |
_c51885 _d51885 |
||